000 00604cam a2200193 a 4500
001 000006158
005 20200929151944.0
008 890626s1986 ck a 000 p spa
010 _a89817057
040 _aDO-SdBNP
_cDLC
_dDLC
082 _aC861.44
_bM828e
100 1 _aMorales Aguilar, Álvaro.
_d1939-
_917290
245 1 0 _aEste pedazo de acordeón /
_cAlvaro Morales Aguilar.
260 _aBogotá :
_bs.n.,
_c1986.
_eBogota :
300 _a57 p. ; :
_bil. ;
_c23 cm.
650 4 _aPoesía colombiana
_93742
650 4 _aLiteratura colombiana
_ySIGLO XX
_914409
910 _aCatalogación por copia / LC
999 _c5954
_d5954